000 00222nam a2200097Ia 4500
008 230907s9999||||xx |||||||||||||| ||und||
082 _a6.31
_bGHA
245 0 _aMachine learning with R /
300 _apages cm
942 _cBK
999 _c600448
_d600448